Digital image processing (Record no. 171608)

MARC details
000 -LEADER
fixed length control field 00428nam a2200157Ia 4500
008 - FIXED-LENGTH DATA ELEMENTS--GENERAL INFORMATION
fixed length control field 231217s9999 xx 000 0 und d
041 ## - LANGUAGE CODE
Language code of text/sound track or separate title English
082 ## - DEWEY DECIMAL CLASSIFICATION NUMBER
Classification number 621.367 GON;12
100 ## - MAIN ENTRY--PERSONAL NAME
Personal name Gonzalez, Rafael C Woods, Richard E
245 #0 - TITLE STATEMENT
Title Digital image processing
250 ## - EDITION STATEMENT
Edition statement 2nd ed
260 ## - PUBLICATION, DISTRIBUTION, ETC.
Date of publication, distribution, etc. 2002
Name of publisher, distributor, etc. Pearson Education (Singapore)
Place of publication, distribution, etc. New Delhi
300 ## - PHYSICAL DESCRIPTION
Extent xx+793
650 ## - SUBJECT ADDED ENTRY--TOPICAL TERM
Topical term or geographic name entry element Digital,image,processing
942 ## - ADDED ENTRY ELEMENTS (KOHA)
Koha item type Books
Holdings
Date last seen Total checkouts Full call number Accession number Cost, total (INR) price Price effective from Category Public note Lost status Damaged status Department Withdrawn status Home library Current library Shelving location Entry date Vendor Cost, normal purchase price Grants Billnumber Billdate Currency symbol Conversion rate Discount Old discount Date due Date last checked out
26/01/2024   621.367 GON;12 27081 300.00 26/01/2024 Books xerox     CS   Central Library Central Library CS 01/04/2004 Book Paradise 375.00 CS 18048 22/12/2005 RS 1 75 20    
01/04/2024 1 621.367 GON;13 27082 300.00 26/01/2024 Books xerox     Central Library   Central Library Central Library Central Library 01/04/2004 Book Paradise 375.00 CS 18048 22/12/2005 RS 1 75 20 04/08/2007 01/04/2024
26/01/2024   621.367 GON;14 28005 300.00 26/01/2024 Books xerox     Central Library   Central Library Central Library Central Library 08/05/2004 Book Paradise 375.00 CS 18693 20/01/2006 RS 1 75 20    
26/01/2024   621.367 GON;15 28072 281.25 26/01/2024 Books xerox     Central Library   Central Library Central Library Central Library 10/05/2004 I K International 375.00 CS 87 16/02/2006 RS 1 93.75 25    
26/01/2024   621.367 GON;16 28073 281.25 26/01/2024 Books xerox     Central Library   Central Library Central Library Central Library 10/05/2004 I K International 375.00 CS 87 16/02/2006 RS 1 93.75 25    

© For any Suggestions or Query, please contact the library staff @ librarian@pes.edu or Phone: +9180 2672 1983/ 2108.